| Tag |
First Indicator |
Second Indicator |
Subfields |
| LEADER |
00000cam a2200000I 4500 |
| 001 |
in00002783925 |
| 005 |
20151202171837.0 |
| 008 |
780202s1963 dcuab b f000 0 eng d |
| 019 |
|
|
|a 8621156
|
| 035 |
|
|
|a (OCoLC)ocm03598608
|
| 035 |
|
|
|a (OCoLC)3598608
|z (OCoLC)8621156
|
| 040 |
|
|
|a CSU
|c CSU
|d CSU
|d OCL
|d OWU
|d OCLCQ
|d BOS
|d OCLCQ
|d NRU
|d UtOrBLW
|
| 049 |
|
|
|a TXAM
|
| 050 |
|
4 |
|a QE75
|b .P9 no.462-C
|
| 082 |
0 |
4 |
|a 557.3
|b U58p no. 462-C
|
| 086 |
0 |
|
|a I 19.16:462-C
|
| 100 |
1 |
|
|a Nordin, Carl F.
|
| 245 |
1 |
2 |
|a A preliminary study of sediment transport parameters :
|b Rio Puerco near Bernardo, New Mexico, by Carl F. Nordin, Jr.
|
| 264 |
|
1 |
|a Washington :
|b U.S. Govt. Print. Off,
|c 1963.
|
| 300 |
|
|
|a 21 pages :
|b illustrations, map. ;
|c 29 cm.
|
| 336 |
|
|
|a text
|b txt
|2 rdacontent
|
| 337 |
|
|
|a unmediated
|b n
|2 rdamedia
|
| 338 |
|
|
|a volume
|b nc
|2 rdacarrier
|
| 490 |
1 |
|
|a Sediment transport in alluvial channels
|
| 490 |
1 |
|
|a Geological Survey professional paper ;
|v 462-C
|
| 504 |
|
|
|a Bibliography: page 21.
|
| 650 |
|
0 |
|a Sediment transport.
|
| 650 |
|
0 |
|a Fluid mechanics.
|
| 830 |
|
0 |
|a Sediment transport in alluvial channels.
|
| 830 |
|
0 |
|a Geological Survey professional paper ;
|v 462-C.
|
| 948 |
|
|
|a cataloged
|b h
|c 2012/12/13
|d c
|e mvaldespin
|f 12:54:10 pm
|
| 994 |
|
|
|a C0
|b TXA
|
| 999 |
|
|
|a MARS
|
| 999 |
f |
f |
|s a3010677-106d-330a-aacd-3af02f8abf61
|i c0f5667c-3901-385b-8441-2aa1759ef1d0
|t 0
|
| 952 |
f |
f |
|p normal
|a Texas A&M University
|b College Station
|c Sterling C. Evans Library
|d Evans: US Documents (Annex 5th floor)
|t 0
|e I 19.16:462-C
|h Superintendent of Documents classification
|i unmediated -- volume
|m A14839363296
|
| 998 |
f |
f |
|a I 19.16:462-C
|t 0
|l Evans: US Documents (Annex 5th floor)
|